[Event "Mitropa Cup"]
[Site "Mali Losinj"]
[Date "2023.04.14"]
[Round "4.2"]
[White "Dobrovoljc, Vid"]
[Black "Gallagher, Joseph G"]
[Result "1-0"]
[WhiteElo "2370"]
[BlackElo "2444"]
[PlyCount "83"]
[EventDate "2023.04.11"]
[EventType "team-tourn"]
[EventRounds "9"]
[EventCountry "CRO"]
[SourceTitle "CBM 213 Extra"]
[Source "ChessBase"]
[SourceDate "2023.05.31"]
[SourceVersion "1"]
[SourceVersionDate "2023.05.31"]
[SourceQuality "1"]
[WhiteTeam "Slovenia"]
[BlackTeam "Switzerland"]
[WhiteTeamCountry "SLO"]
[BlackTeamCountry "SUI"]

1. e4 c5 2. Nc3 Nc6 3. Bb5 Nd4 4. Nf3 a6 5. Bd3 g6 6. 0-0 Bg7 7. Re1 d6 8. Nxd4 cxd4 9. Ne2 e6 10. c3 dxc3 11. dxc3 Ne7 12. Bg5 h6 13. Be3 d5 14. Bc5 b6 15. Bxe7 Kxe7 16. exd5 Qxd5 17. Nf4 Qg5 18. Qf3 Rb8 19. h4 Qxh4 20. Bxg6 Bb7 21. Be4 Bxe4 22. Qxe4 Qg5 23. Nxe6 fxe6 24. Qxe6+ Kf8 25. Re3 Bf6 26. Qd6+ Kf7 27. Qc7+ Kg6 28. Rg3 Rhc8 29. Qf4 b5 30. Rd1 Rd8 31. Qe4+ Kg7 32. Rxg5+ hxg5 33. Rxd8 Rxd8 34. Qb7+ Kg6 35. Qxa6 Rd1+ 36. Kh2 Rd2 37. Qxb5 Rxf2 38. a4 g4 39. a5 Rf5 40. Qe8+ Kg5 41. Qe3+ Kh5 42. a6 1-0

[Event "EU-ch Blitz"]
[Site "Katowice"]
[Date "2022.12.16"]
[Round "17"]
[White "Dobrovoljc, Vid"]
[Black "Tazbir, Marcin"]
[Result "0-1"]
[WhiteElo "2384"]
[BlackElo "2508"]
[PlyCount "58"]
[EventDate "2022.12.16"]
[EventType "swiss (blitz)"]
[EventRounds "22"]
[EventCountry "POL"]
[SourceTitle "CBM 211 Extra"]
[Source "ChessBase"]
[SourceDate "2023.01.31"]
[SourceVersion "1"]
[SourceVersionDate "2023.01.31"]
[SourceQuality "1"]

1. Nf3 d5 2. g3 c5 3. Bg2 Nc6 4. 0-0 Nf6 5. d3 g6 6. Nbd2 Bg7 7. e4 0-0 8. c3 e5 9. Qb3 c4 10. dxc4 dxe4 11. Ng5 e3 12. fxe3 Ng4 13. Ndf3 Na5 14. Qb4 Nc6 15. Qb3 h6 16. Ne4 f5 17. Nf2 e4 18. Nd4 Na5 19. Qb5 Ne5 20. Qd5+ Qxd5 21. cxd5 Rd8 22. Ne6 Bxe6 23. dxe6 h5 24. h3 Rd6 25. g4 Rxe6 26. gxf5 gxf5 27. Nh1 Rg6 28. Kh2 Nf3+ 29. Bxf3 Be5+ 0-1

[Event "EU-ch Blitz"]
[Site "Katowice"]
[Date "2022.12.16"]
[Round "6"]
[White "Dobrovoljc, Vid"]
[Black "Zhuk, Ivan"]
[Result "1-0"]
[WhiteElo "2384"]
[BlackElo "2035"]
[PlyCount "67"]
[EventDate "2022.12.16"]
[EventType "swiss (blitz)"]
[EventRounds "22"]
[EventCountry "POL"]
[SourceTitle "CBM 211 Extra"]
[Source "ChessBase"]
[SourceDate "2023.01.31"]
[SourceVersion "1"]
[SourceVersionDate "2023.01.31"]
[SourceQuality "1"]

1. Nf3 Nf6 2. g3 g6 3. Bg2 Bg7 4. 0-0 0-0 5. Nc3 d6 6. d4 c6 7. a4 Bd7 8. a5 Qc8 9. Re1 d5 10. e4 dxe4 11. Nxe4 Bf5 12. Nc5 Na6 13. Nxa6 bxa6 14. Ne5 Nd5 15. Bd2 Rb8 16. c4 Bxe5 17. Rxe5 Nb4 18. Bc3 Nd3 19. Re2 Rd8 20. g4 Bxg4 21. Qxd3 Bxe2 22. Qxe2 Qd7 23. d5 cxd5 24. cxd5 Re8 25. Re1 Qf5 26. Qxa6 Rbc8 27. Qxa7 Rc4 28. Qe3 Rg4 29. Qe5 Qxe5 30. Rxe5 Ra4 31. h3 Ra1+ 32. Kh2 Ra4 33. Re4 Ra2 34. d6 1-0

[Event "EU-ch Blitz"]
[Site "Katowice"]
[Date "2022.12.16"]
[Round "8"]
[White "Drozdowski, Kacper"]
[Black "Dobrovoljc, Vid"]
[Result "1/2-1/2"]
[WhiteElo "2448"]
[BlackElo "2384"]
[PlyCount "121"]
[EventDate "2022.12.16"]
[EventType "swiss (blitz)"]
[EventRounds "22"]
[EventCountry "POL"]
[SourceTitle "CBM 211 Extra"]
[Source "ChessBase"]
[SourceDate "2023.01.31"]
[SourceVersion "1"]
[SourceVersionDate "2023.01.31"]
[SourceQuality "1"]

1. e4 e6 2. d4 d5 3. Nd2 h6 4. Ngf3 Nf6 5. e5 Nfd7 6. Bd3 c5 7. c3 Nc6 8. 0-0 g5 9. dxc5 Bxc5 10. Nb3 Bf8 11. Re1 Bg7 12. Bb5 a6 13. Bxc6 bxc6 14. h3 0-0 15. c4 dxc4 16. Nbd2 Nb6 17. Ne4 Qxd1 18. Rxd1 Nd7 19. Be3 Nxe5 20. Nxe5 Bxe5 21. Rac1 Bxb2 22. Rxc4 a5 23. h4 gxh4 24. Bxh6 Bg7 25. Nf6+ Bxf6 26. Rg4+ Kh7 27. Bxf8 e5 28. Ra4 Be6 29. Bc5 Bf5 30. Rc1 Be6 31. Bb6 Bd8 32. Bxd8 Rxd8 33. Rxa5 Bd5 34. a4 Rg8 35. f3 Bxf3 36. Kf2 Bxg2 37. Rxe5 h3 38. Rc4 Rg6 39. Rh4+ Kg7 40. a5 Rf6+ 41. Kg3 Rf3+ 42. Kh2 Ra3 43. Rg5+ Kf6 44. Rc5 Ke6 45. Rh6+ Kd7 46. Rf6 Ke7 47. Rf2 Kd6 48. Rh5 Bd5 49. Rxh3 Rxa5 50. Rh6+ Kc5 51. Kg3 Ra4 52. Rc2+ Kb6 53. Rf6 Re4 54. Rf4 Re3+ 55. Kf2 Rb3 56. Ke2 Kc7 57. Kd2 Kb6 58. Rc3 Rb2+ 59. Rc2 Rb3 60. Rc3 Rb2+ 61. Rc2 1/2-1/2

[Event "SLO-chT 32nd"]
[Site "Ljubljana"]
[Date "2022.09.03"]
[Round "2.1"]
[White "Sostaric, Denis"]
[Black "Dobrovoljc, Vid"]
[Result "0-1"]
[WhiteElo "1856"]
[BlackElo "2402"]
[PlyCount "90"]
[EventDate "2022.09.02"]
[EventType "team-tourn"]
[EventRounds "9"]
[EventCountry "SLO"]
[SourceTitle "EXT 2023"]
[Source "ChessBase"]
[SourceDate "2022.10.05"]
[SourceVersion "1"]
[SourceVersionDate "2022.10.05"]
[SourceQuality "1"]
[WhiteTeam "Maribor Branik"]
[BlackTeam "Ljubljana Tajfun"]
[WhiteTeamCountry "SLO"]
[BlackTeamCountry "SVK"]

1. e4 c5 2. Nf3 Nc6 3. d4 cxd4 4. Nxd4 Nf6 5. Nc3 e5 6. Nxc6 bxc6 7. Bc4 Bb4 8. Qf3 0-0 9. Bg5 h6 10. Bxf6 Qxf6 11. Qd3 Kh8 12. 0-0 Rb8 13. Rad1 Qe7 14. f4 Ba5 15. f5 Qf6 16. b3 Bb7 17. Na4 Rbd8 18. Ba6 Ba8 19. Qe3 d5 20. Qxa7 dxe4 21. Be2 Bd2 22. Nb2 Bc3 23. Qa3 Bb7 24. Na4 Bd4+ 25. Kh1 Bc8 26. c3 Be3 27. Nc5 Rxd1 28. Rxd1 Qe7 29. b4 Bxf5 30. c4 Bd4 31. Nb3 Rd8 32. Qa5 Be6 33. b5 cxb5 34. cxb5 Qd6 35. h3 f5 36. Re1 Bd5 37. Qd2 Ba8 38. Na5 f4 39. Nc6 Rf8 40. Qd1 Qf6 41. Bg4 f3 42. g3 e3 43. Qd3 e2 44. Kh2 Bxc6 45. bxc6 Qxc6 0-1

[Event "Olympiad-44"]
[Site "Chennai"]
[Date "2022.08.06"]
[Round "8.4"]
[White "Michalik, Peter"]
[Black "Dobrovoljc, Vid"]
[Result "1/2-1/2"]
[WhiteElo "2559"]
[BlackElo "2398"]
[PlyCount "73"]
[EventDate "2022.07.29"]
[EventType "team-swiss"]
[EventRounds "11"]
[EventCountry "IND"]
[SourceTitle "CBM 210"]
[Source "ChessBase"]
[SourceDate "2022.10.31"]
[SourceVersion "1"]
[SourceVersionDate "2022.10.31"]
[SourceQuality "1"]
[WhiteTeam "Czech Republic"]
[BlackTeam "Slovenia"]
[WhiteTeamCountry "CZE"]
[BlackTeamCountry "SLO"]

1. e4 c5 2. Nf3 Nc6 3. d4 cxd4 4. Nxd4 Nf6 5. Nc3 e5 6. Ndb5 d6 7. Nd5 Nxd5 8. exd5 Ne7 9. c3 Nf5 10. Bd3 Be7 11. 0-0 0-0 12. a4 Bd7 13. Kh1 g6 14. Na3 Rc8 15. Nc4 Ng7 16. Be3 b6 17. a5 Nf5 18. Bd2 e4 19. Be2 Rc5 20. axb6 axb6 21. Ne3 Bg5 22. Nxf5 Bxf5 23. Bxg5 Qxg5 24. Qd4 Re8 25. b4 Rcc8 26. c4 Bg4 27. Bxg4 Qxg4 28. Rac1 Rb8 29. c5 bxc5 30. bxc5 dxc5 31. Rxc5 Qe2 32. Rcc1 Qd3 33. Rfd1 Qxd4 34. Rxd4 Kg7 35. d6 Red8 36. Rxe4 Rxd6 37. Re2 1/2-1/2

[Event "Olympiad-44"]
[Site "Chennai"]
[Date "2022.08.02"]
[Round "5.4"]
[White "Kollars, Dmitrij"]
[Black "Dobrovoljc, Vid"]
[Result "1-0"]
[WhiteElo "2648"]
[BlackElo "2398"]
[PlyCount "125"]
[EventDate "2022.07.29"]
[EventType "team-swiss"]
[EventRounds "11"]
[EventCountry "IND"]
[SourceTitle "CBM 210"]
[Source "ChessBase"]
[SourceDate "2022.10.31"]
[SourceVersion "1"]
[SourceVersionDate "2022.10.31"]
[SourceQuality "1"]
[WhiteTeam "Germany"]
[BlackTeam "Slovenia"]
[WhiteTeamCountry "GER"]
[BlackTeamCountry "SLO"]

1. e4 e5 2. Nf3 Nc6 3. Bc4 Nf6 4. Ng5 d5 5. exd5 Na5 6. Bb5+ c6 7. dxc6 bxc6 8. Bd3 Nd5 9. Nf3 Bd6 10. Nc3 f5 11. Nxd5 cxd5 12. b4 Nc6 13. Bb5 Qb6 14. Bxc6+ Qxc6 15. Bb2 d4 16. 0-0 0-0 17. c3 Ba6 18. Re1 dxc3 19. Qb3+ Qc4 20. Bxc3 e4 21. Nd4 Qxb3 22. axb3 Bd3 23. Ra5 g6 24. Rea1 Rf7 25. Nc6 Rb7 26. Rd5 Bf8 27. h4 Rb6 28. Ne5 Bxb4 29. Nxd3 exd3 30. Rxd3 Bxc3 31. Rxc3 Rb7 32. h5 Kg7 33. hxg6 hxg6 34. Ra6 Rb6 35. Rxb6 axb6 36. Kf1 Ra1+ 37. Ke2 Rb1 38. f4 Rg1 39. Rg3 Kf6 40. Kd3 Rf1 41. Rf3 Rg1 42. g3 Rc1 43. Kd4 Rc8 44. Kd5 g5 45. d4 b5 46. Re3 b4 47. Re6+ Kf7 48. fxg5 Rc3 49. Rf6+ Ke7 50. Rxf5 Rxb3 51. Kc4 Rxg3 52. Kxb4 Ke6 53. Re5+ Kd6 54. Kc4 Rg4 55. Ra5 Kd7 56. Kd3 Ke7 57. Ke3 Kd7 58. Rd5+ Kc6 59. Kf3 Rg1 60. Re5 Kd6 61. Kf4 Rd1 62. Ke4 Rf1 63. g6 1-0

[Event "EU-ch 22nd"]
[Site "Terme Catez"]
[Date "2022.04.06"]
[Round "11"]
[White "Teclaf, Pawel"]
[Black "Dobrovoljc, Vid"]
[Result "1/2-1/2"]
[WhiteElo "2542"]
[BlackElo "2406"]
[PlyCount "25"]
[EventDate "2022.03.27"]
[EventType "swiss"]
[EventRounds "11"]
[EventCountry "SLO"]
[SourceTitle "CBM 208"]
[Source "ChessBase"]
[SourceDate "2022.06.30"]
[SourceVersion "1"]
[SourceVersionDate "2022.06.30"]
[SourceQuality "1"]

1. Nf3 d5 2. g3 Nf6 3. Bg2 e6 4. 0-0 c5 5. d3 Nc6 6. Nbd2 Be7 7. e4 0-0 8. Re1 b5 9. exd5 Nxd5 10. c4 bxc4 11. dxc4 Ndb4 12. Ne5 Bb7 13. a3 1/2-1/2

[Event "EU-ch 22nd"]
[Site "Terme Catez"]
[Date "2022.03.28"]
[Round "2"]
[White "Dobrovoljc, Vid"]
[Black "Dragnev, Valentin"]
[Result "0-1"]
[WhiteElo "2406"]
[BlackElo "2546"]
[PlyCount "100"]
[EventDate "2022.03.27"]
[EventType "swiss"]
[EventRounds "11"]
[EventCountry "SLO"]
[SourceTitle "CBM 208"]
[Source "ChessBase"]
[SourceDate "2022.06.30"]
[SourceVersion "1"]
[SourceVersionDate "2022.06.30"]
[SourceQuality "1"]

1. d4 Nf6 2. c4 e6 3. Nc3 Bb4 4. Nf3 0-0 5. Bg5 c5 6. Rc1 h6 7. Bh4 cxd4 8. Nxd4 d5 9. cxd5 Bxc3+ 10. bxc3 Qxd5 11. e3 Nbd7 12. Qb3 Qe4 13. Nf3 b6 14. Be2 Bb7 15. 0-0 Nc5 16. Qb4 Nd5 17. Qb2 Qg6 18. Ne5 Qf5 19. c4 Nb4 20. Be7 Rfc8 21. Rfd1 Nc6 22. Bxc5 Nxe5 23. Bd6 Qg6 24. Bf1 Nxc4 25. Qd4 Nxd6 26. Qxd6 Bd5 27. a3 Rc2 28. Qe5 Rac8 29. Rxc2 Qxc2 30. Rd4 Qb1 31. Rb4 Qf5 32. Qxf5 exf5 33. Rd4 Be6 34. g3 Kf8 35. Bd3 Ke7 36. Rf4 Rc3 37. Bxf5 Bxf5 38. Rxf5 Rxa3 39. e4 Rb3 40. Re5+ Kd6 41. Rd5+ Kc6 42. Rd8 a5 43. Ra8 Rd3 44. f4 Kb7 45. Rg8 a4 46. Rxg7 Rd7 47. e5 Rc7 48. f5 a3 49. e6 a2 50. exf7 a1Q+ 0-1

[Event "EU-chT 23rd"]
[Site "Terme Catez"]
[Date "2021.11.20"]
[Round "8.2"]
[White "Druska, Juraj"]
[Black "Dobrovoljc, Vid"]
[Result "1-0"]
[WhiteElo "2508"]
[BlackElo "2414"]
[PlyCount "87"]
[EventDate "2021.11.12"]
[EventType "team-swiss"]
[EventRounds "9"]
[EventCountry "SLO"]
[SourceTitle "CBM 205"]
[Source "ChessBase"]
[SourceDate "2021.12.31"]
[SourceVersion "1"]
[SourceVersionDate "2021.12.31"]
[SourceQuality "1"]
[WhiteTeam "Slovakia"]
[BlackTeam "Slovenia II"]
[WhiteTeamCountry "SVK"]
[BlackTeamCountry "SLO"]

1. e4 e5 2. Nf3 Nc6 3. Bb5 a6 4. Ba4 Nf6 5. 0-0 Be7 6. d3 b5 7. Bb3 d6 8. c3 0-0 9. a4 Bd7 10. Bc2 b4 11. a5 Rb8 12. Nbd2 Re8 13. Re1 Bf8 14. Bb3 h6 15. Nh4 Bg4 16. Ndf3 d5 17. h3 Be6 18. Ba4 Qd6 19. Nf5 Bxf5 20. exf5 Nd7 21. d4 e4 22. Nh2 Na7 23. Re3 Nb5 24. Rg3 Nf6 25. Bxh6 Qd7 26. Ng4 Nh5 27. Ne5 Rxe5 28. Qxh5 Rxf5 29. Qg4 g6 30. Bxf8 Kxf8 31. f3 bxc3 32. bxc3 Qe6 33. fxe4 dxe4 34. Re3 Nd6 35. Bc2 Re8 36. Qe2 Qc4 37. Qxc4 Nxc4 38. Rxe4 Rb8 39. Rh4 Rh5 40. Rxh5 gxh5 41. Bd3 Ne3 42. Bxa6 Nd5 43. Be2 Nxc3 44. Bf3 1-0

[Event "SLO-chT NML 31st"]
[Site "Ptuj/Grosuplje"]
[Date "2021.10.17"]
[Round "6.5"]
[White "Beliavsky, Alexander G"]
[Black "Dobrovoljc, Vid"]
[Result "1/2-1/2"]
[WhiteElo "2514"]
[BlackElo "2409"]
[PlyCount "83"]
[EventDate "2021.10.08"]
[EventType "team-tourn"]
[EventRounds "9"]
[EventCountry "SLO"]
[SourceTitle "EXT 2023"]
[Source "ChessBase"]
[SourceDate "2022.10.05"]
[SourceVersion "1"]
[SourceVersionDate "2022.10.05"]
[SourceQuality "1"]
[WhiteTeam "Ptuj"]
[BlackTeam "Novo Mesto Krka"]
[WhiteTeamCountry "SLO"]
[BlackTeamCountry "SLO"]

1. d4 Nf6 2. c4 e6 3. Nf3 b6 4. g3 Ba6 5. Qa4 c5 6. Bg2 Bb7 7. dxc5 bxc5 8. 0-0 Be7 9. Nc3 0-0 10. Rd1 Qb6 11. Bf4 Rd8 12. Rd2 d6 13. Rad1 Ne8 14. e4 Bc6 15. Qc2 Qb7 16. Bg5 f6 17. Be3 Nd7 18. h4 Nf8 19. Ne1 e5 20. Nd5 Ne6 21. Bh3 Nd4 22. Bxd4 cxd4 23. Rd3 a5 24. h5 Bf8 25. Be6+ Kh8 26. Qe2 Rab8 27. b3 Nc7 28. Nxc7 Qxc7 29. Ng2 Re8 30. Bf5 a4 31. Nh4 Rb7 32. Qg4 Bd7 33. Kh2 Bxf5 34. Qxf5 Qd7 35. Qf3 Qe6 36. Rh1 Reb8 37. Nf5 Be7 38. Qg4 Bf8 39. Rb1 Rc7 40. Rh1 Rcb7 41. Rb1 Rc7 42. Rh1 1/2-1/2

[Event "SLO-chT NML 31st"]
[Site "Ptuj/Grosuplje"]
[Date "2021.10.10"]
[Round "3.2"]
[White "Dobrovoljc, Vid"]
[Black "Predojevic, Borki"]
[Result "0-1"]
[WhiteElo "2409"]
[BlackElo "2577"]
[PlyCount "74"]
[EventDate "2021.10.08"]
[EventType "team-tourn"]
[EventRounds "9"]
[EventCountry "SLO"]
[SourceTitle "EXT 2023"]
[Source "ChessBase"]
[SourceDate "2022.10.05"]
[SourceVersion "1"]
[SourceVersionDate "2022.10.05"]
[SourceQuality "1"]
[WhiteTeam "Novo Mesto Krka"]
[BlackTeam "Ljubljana Tajfun"]
[WhiteTeamCountry "SLO"]
[BlackTeamCountry "SLO"]

1. e4 c5 2. Nf3 Nc6 3. d4 cxd4 4. Nxd4 e5 5. Nb5 d6 6. N1c3 a6 7. Na3 Be6 8. Be3 Nf6 9. Nc4 b5 10. Nb6 Rb8 11. Nbd5 Ng4 12. Be2 Nxe3 13. Nxe3 Be7 14. Ncd5 0-0 15. c3 Bg5 16. 0-0 Ne7 17. Bf3 Nxd5 18. Nxd5 a5 19. Qd3 Qd7 20. Rfd1 Rfc8 21. a3 Rc5 22. b4 Rc6 23. Be2 axb4 24. axb4 g6 25. Qg3 Bd8 26. Ra3 Qc8 27. h4 Ra6 28. Rxa6 Qxa6 29. Bg4 Qc6 30. h5 Bxd5 31. Rxd5 Be7 32. Qd3 Kg7 33. g3 Rb7 34. Be2 Qc8 35. Rxb5 Rxb5 36. Qxb5 Qxc3 37. Kg2 Qd2 0-1